000 00510 a2200193 4500
005 20260205142419.0
008 260205b |||||||| |||| 00| 0 eng d
020 _a9781641724982
_c$ 155.00
040 _aMAIN
082 _a158.3
_bM451C
100 _aMaximilian, Korey
245 _aCounseling and psychotherapy: Theory and practice
260 _b Larsen and Keller
_c2020
_aNew York
300 _aviii, 219
650 _aPsychology
650 _aCounseling
650 _aPsythotherapy
942 _cBK
999 _c394797
_d394797